Women and politics in Ancient Rome

Gardado en:
Detalles Bibliográficos
Autor Principal: Bauman, Richard A (Author)
Formato: Libro
Idioma:inglés
Publicado: Londres Routledge 1992
Subjects:
Tags: Engadir etiqueta
Sen Etiquetas, Sexa o primeiro en etiquetar este rexistro!

MARC

LEADER 00000cam a2200000 a 4500
001 UCF6936
003 CL-VaPUC
008 130530e19920000UK |||||||||||||||||eng|d
020 |a 0415057779 
082 0 4 |a 305.420937  |b BAU  |2 21 
100 0 |a Bauman, Richard A  |e author  |9 568903 
245 1 0 |a Women and politics in Ancient Rome 
300 |a 294 p 
942 |c BK 
945 |d 20130530 00:00:00  |a dcastane 
260 |a Londres  |b Routledge  |c 1992 
650 0 |a Mujeres en la política  |9 321357 
650 0 |a Historia antigua  |9 267521 
650 7 |a HISTORIA DE ROMA ANTIGUA  |2 CL-VaPUC  |9 541459 
583 |a last modification  |c 20130530 09:49:00  |k Rodrigo Vera 
999 |c 351920  |d 351918 
952 |0 0  |1 0  |4 0  |6 305_420937000000000_BAU_1992  |7 0  |8 A  |9 456349  |a BIBHIS  |b BIBHIS  |d 2019-11-22  |i 4975847  |o 305.420937 BAU 1992  |p 4975847  |r 2025-01-20  |w 2019-11-22  |y BK  |k HIS